Central Library OPAC University of Rajshahi
Normal view MARC view

Entry Uniform Title

Number of records used in: 2

001 - CONTROL NUMBER

  • control field: 10443

003 - CONTROL NUMBER IDENTIFIER

  • control field: BD-RjUL

005 - DATE AND TIME OF LATEST TRANSACTION

  • control field: 20231211111856.0

008 - FIXED-LENGTH DATA ELEMENTS

  • fixed length control field: 231211|| aca||aabn | a|a d

040 ## - CATALOGING SOURCE

  • Original cataloging agency: BD-RjUL
  • Transcribing agency: BD-RjUL

130 ## - HEADING--UNIFORM TITLE

  • Uniform title: Cambridge studies in international relations

670 ## - SOURCE DATA FOUND

  • Source citation: Work cat.: (BD-RjUL)82437: Buzan, Barry, author. 10439, The global transformation :